Normal view MARC view

Entry Personal Name

Number of records used in: 2

001 - CONTROL NUMBER

  • control field: 60112

003 - CONTROL NUMBER IDENTIFIER

  • control field: dpl

005 - DATE AND TIME OF LATEST TRANSACTION

  • control field: 20231221125231.0

008 - FIXED-LENGTH DATA ELEMENTS

  • fixed length control field: 231221|| aca||aabn | a|a d

040 ## - CATALOGING SOURCE

  • Original cataloging agency: dpl
  • Transcribing agency: dpl

100 ## - HEADING--PERSONAL NAME

  • Personal name: Venkataiah,N

670 ## - SOURCE DATA FOUND

  • Source citation: Work cat.: (dpl)199756: Venkataiah,N., VALUE CLASSIFICATION, DESCRIPTION,INCULCATION AND VALUE EDUCATION/, 2022

© Delhi Public Library
Hit Counter
free hit counter